[Event "Hamburg-chT Landesliga 1314"]
[Site "Hamburg"]
[Date "2014.04.13"]
[Round "9.7"]
[White "Kirschneck, Erich"]
[Black "Neumann, Michael"]
[Result "1/2-1/2"]
[WhiteElo "2101"]
[BlackElo "2168"]
[PlyCount "140"]
[EventDate "2013.10.13"]
[EventType "team-tourn"]
[EventRounds "9"]
[EventCountry "GER"]
[SourceTitle "EXT 2022"]
[Source "ChessBase"]
[SourceDate "2021.10.06"]
[SourceVersion "1"]
[SourceVersionDate "2021.10.06"]
[SourceQuality "1"]
[WhiteTeam "Eimsbuettel Union"]
[BlackTeam "Hamburg Diogenes II"]
[WhiteTeamCountry "GER"]
[BlackTeamCountry "GER"]

1. c4 g6 2. Nc3 Bg7 3. d4 c5 4. d5 Bxc3+ 5. bxc3 f5 6. Bg5 Qa5 7. Qc2 d6 8. e3 Nd7 9. Be2 Ngf6 10. f3 Nb6 11. Nh3 Bd7 12. Bxf6 exf6 13. Nf4 0-0-0 14. h4 Rde8 15. Kf2 Re7 16. Bd3 Rhe8 17. Rhe1 Qa6 18. g3 Qa5 19. Rab1 Ba4 20. Qb2 Bd7 21. Qc2 Ba4 22. Qb2 Qa6 23. a3 Bd7 24. Qb3 Ba4 25. Qb2 Bd7 26. Qb3 Re5 27. Bf1 Ba4 28. Qb2 Bd7 29. Qb3 Qa4 30. Qa2 g5 31. Ng2 h6 32. Bd3 Kc7 33. f4 R5e7 34. Qb2 Bc8 35. Qb3 Qxb3 36. Rxb3 Na4 37. Rc1 Rg8 38. Re1 Ree8 39. Rh1 g4 40. Rhb1 b6 41. Ke2 Ba6 42. Kd2 Re4 43. h5 Bxc4 44. Bxc4 Rxc4 45. Kd3 Re4 46. c4 a6 47. Rc1 Rb8 48. Nh4 b5 49. cxb5 axb5 50. Nxf5 c4+ 51. Ke2 Nc5 52. Rbc3 Kd7 53. Rb1 Nb3 54. Nxh6 f5 55. Nxf5 Ra8 56. Rcxb3 cxb3 57. Rxb3 Rb8 58. Nh6 Rc4 59. Nxg4 Ke7 60. Kf3 Kf7 61. e4 Ra8 62. Ne3 Rca4 63. Rxb5 Rxa3 64. Rb7+ Kg8 65. e5 Rd3 66. exd6 Raa3 67. d7 Rxe3+ 68. Kf2 Rf3+ 69. Ke2 Rfe3+ 70. Kf2 Rf3+ 1/2-1/2

[Event "Leipzig VfB op 18th"]
[Site "Leipzig"]
[Date "2011.03.24"]
[Round "4"]
[White "Neumann, Michael"]
[Black "Reimann, Hubert"]
[Result "1-0"]
[WhiteElo "2139"]
[BlackElo "1954"]
[PlyCount "41"]
[EventDate "2011.03.20"]
[EventType "swiss"]
[EventRounds "9"]
[EventCountry "GER"]
[SourceTitle "CBM 141 Extra"]
[Source "ChessBase"]
[SourceDate "2011.05.03"]
[SourceVersion "1"]
[SourceVersionDate "2011.05.03"]
[SourceQuality "1"]

1. e4 c5 2. Nf3 d6 3. d4 cxd4 4. Nxd4 Nf6 5. Nc3 a6 6. Be3 e5 7. Nb3 Be7 8. f3 Be6 9. Qd2 Nbd7 10. g4 Nb6 11. g5 Nh5 12. 0-0-0 Qc7 13. Kb1 0-0-0 14. Qf2 Na8 15. Nd5 Qd7 16. Rd3 Bxd5 17. exd5 Nf4 18. Bxf4 exf4 19. Qa7 Nc7 20. Rc3 Qf5 21. h4 1-0

[Event "Leipzig VfB op 18th"]
[Site "Leipzig"]
[Date "2011.03.24"]
[Round "5"]
[White "Spiess, Gunter"]
[Black "Neumann, Michael"]
[Result "1-0"]
[WhiteElo "2427"]
[BlackElo "2139"]
[PlyCount "57"]
[EventDate "2011.03.20"]
[EventType "swiss"]
[EventRounds "9"]
[EventCountry "GER"]
[SourceTitle "CBM 141 Extra"]
[Source "ChessBase"]
[SourceDate "2011.05.03"]
[SourceVersion "1"]
[SourceVersionDate "2011.05.03"]
[SourceQuality "1"]

1. Nf3 g6 2. c4 Bg7 3. d4 Nf6 4. Nc3 d5 5. Qa4+ Bd7 6. Qb3 dxc4 7. Qxc4 Nc6 8. e4 0-0 9. Be2 Bg4 10. Be3 Nd7 11. Rd1 Bxf3 12. gxf3 Nb6 13. Qc5 e5 14. dxe5 Qh4 15. f4 g5 16. f5 Bxe5 17. Rg1 f6 18. Rg4 Qxh2 19. f4 Bd6 20. Rxd6 cxd6 21. Qxd6 h5 22. Rxg5+ fxg5 23. Qg6+ Kh8 24. Qh6+ Kg8 25. Qg6+ Kh8 26. f6 Rxf6 27. Qxf6+ Kg8 28. Qg6+ Kh8 29. Bxb6 1-0

[Event "Nordhausen op 9th"]
[Site "Nordhausen"]
[Date "2009.07.30"]
[Round "1"]
[White "Lotze, Andreas"]
[Black "Neumann, Michael"]
[Result "0-1"]
[WhiteElo "1761"]
[BlackElo "2164"]
[PlyCount "46"]
[EventDate "2009.07.30"]
[EventType "swiss"]
[EventRounds "7"]
[EventCountry "GER"]
[SourceTitle "CBM 131 Extra"]
[Source "ChessBase"]
[SourceDate "2009.09.03"]
[SourceVersion "2"]
[SourceVersionDate "2009.09.16"]
[SourceQuality "1"]

1. d4 g6 2. c4 Bg7 3. Nc3 c5 4. e3 Nf6 5. Nf3 0-0 6. Be2 cxd4 7. exd4 d5 8. 0-0 Nc6 9. Bf4 dxc4 10. Bxc4 Bg4 11. d5 Na5 12. Be2 Rc8 13. h3 Bxf3 14. Bxf3 Ne8 15. Qe1 Nd6 16. Be5 Bxe5 17. Qxe5 Nac4 18. Qe2 Re8 19. Rab1 a6 20. Qd3 Ne5 21. Qd1 Ndc4 22. Re1 Nxf3+ 23. gxf3 Qd7 0-1

[Event "Dresden ZMD op"]
[Site "Dresden"]
[Date "2008.07.20"]
[Round "3"]
[White "Fedorchuk, Sergey A"]
[Black "Neumann, Michael"]
[Result "1-0"]
[WhiteElo "2624"]
[BlackElo "2150"]
[PlyCount "135"]
[EventDate "2008.07.19"]
[EventType "swiss"]
[EventRounds "9"]
[EventCountry "GER"]
[SourceTitle "CBM 125 Extra"]
[Source "ChessBase"]
[SourceDate "2008.09.01"]
[SourceVersion "1"]
[SourceVersionDate "2008.09.01"]
[SourceQuality "1"]

1. e4 c5 2. Nf3 e6 3. d4 cxd4 4. Nxd4 Nf6 5. Nc3 Nc6 6. Nxc6 bxc6 7. e5 Nd5 8. Ne4 Qc7 9. f4 Qb6 10. Bd3 Ba6 11. Bxa6 Qxa6 12. Qe2 Qxe2+ 13. Kxe2 f5 14. Nf2 a5 15. Rd1 h6 16. Kf3 Rg8 17. Bd2 g5 18. g3 Be7 19. c4 Nc7 20. Be3 Na6 21. Rd2 Bb4 22. Rd3 g4+ 23. Kg2 Bc5 24. h3 h5 25. Rh1 Bxe3 26. Rxe3 Nc5 27. Ra3 Kf7 28. hxg4 hxg4 29. Nd3 Nxd3 30. Rxd3 Rgd8 31. Rh7+ Ke8 32. Kf2 Rab8 33. b3 a4 34. Ke3 axb3 35. axb3 c5 36. Rh1 Ra8 37. Rh8+ Ke7 38. Rh7+ Ke8 39. Rdxd7 Rxd7 40. Rh8+ Ke7 41. Rxa8 Rb7 42. Ra3 Kd7 43. Kd3 Rb8 44. Ra7+ Kc6 45. Kc3 Rh8 46. Ra6+ Kc7 47. Rxe6 Rh3 48. Rf6 Rxg3+ 49. Kb2 Rf3 50. Rxf5 g3 51. Rg5 Rxf4 52. Rxg3 Re4 53. Rg7+ Kc6 54. Rg6+ Kc7 55. Re6 Re1 56. Kc3 Re3+ 57. Kc2 Re1 58. Kd3 Kd7 59. Rd6+ Kc7 60. Rd5 Kc6 61. Kc3 Re3+ 62. Kb2 Re1 63. Ka2 Re3 64. Ka3 Re4 65. Ka4 Re1 66. Rd6+ Kc7 67. Kb5 Rxe5 68. Rc6+ 1-0

[Event "Oberliga Nord N 0708"]
[Site "Germany"]
[Date "2008.03.09"]
[Round "7.7"]
[White "Reimer, Wolf"]
[Black "Neumann, Michael"]
[Result "1-0"]
[WhiteElo "2059"]
[BlackElo "2144"]
[PlyCount "73"]
[EventDate "2007.10.21"]
[EventType "team-tourn"]
[EventRounds "9"]
[EventCountry "GER"]
[SourceTitle "EXT 2009"]
[Source "ChessBase"]
[SourceDate "2008.11.26"]
[SourceVersion "1"]
[SourceVersionDate "2008.11.26"]
[SourceQuality "1"]
[WhiteTeam "Luebeck"]
[BlackTeam "Hamburg Diogenes"]
[WhiteTeamCountry "GER"]
[BlackTeamCountry "GER"]

1. d4 g6 2. e4 Bg7 3. Nc3 c5 4. d5 d6 5. f4 a6 6. Nf3 Bg4 7. Be2 Nd7 8. 0-0 Qc7 9. Re1 Nh6 10. e5 Bxf3 11. Bxf3 dxe5 12. fxe5 Nxe5 13. Bf4 Nf5 14. d6 exd6 15. Nd5 Qd8 16. Bg4 Nd4 17. c3 Ndc6 18. Qb3 0-0 19. Be2 Rb8 20. Rad1 b5 21. Qc2 a5 22. Qc1 b4 23. Bg5 f6 24. Bh4 Qd7 25. a4 Kh8 26. Bb5 Qg4 27. Bg3 Rbd8 28. Qc2 Qc8 29. Re4 f5 30. Ree1 Rd7 31. Nb6 Qb7 32. Nxd7 Nxd7 33. Rxd6 Nce5 34. Rxd7 Nxd7 35. Re7 b3 36. Qd2 f4 37. Bxf4 1-0

[Event "Harburg-chI 5th"]
[Site "Hamburg"]
[Date "2007.07.06"]
[Round "1"]
[White "Neumann, Michael"]
[Black "Buntrock, Jannis"]
[Result "1/2-1/2"]
[WhiteElo "1208"]
[BlackElo "1013"]
[PlyCount "98"]
[EventDate "2007.07.06"]
[EventType "swiss"]
[EventRounds "5"]
[EventCountry "GER"]
[SourceTitle "EXT 2008"]
[Source "ChessBase"]
[SourceDate "2007.11.25"]
[SourceVersion "1"]
[SourceVersionDate "2007.11.25"]
[SourceQuality "1"]

1. e4 e5 2. Nf3 Nc6 3. d4 d6 4. dxe5 dxe5 5. Qxd8+ Kxd8 6. Bb5 Nb4 7. Na3 Bd6 8. Ng5 Nh6 9. 0-0 f6 10. Nf3 Bg4 11. Be2 g5 12. Rd1 Ke7 13. Bd2 Nc6 14. Nc4 Bxf3 15. Bxf3 Nd4 16. Ne3 Nxf3+ 17. gxf3 Rhg8 18. Nd5+ Ke6 19. a3 c6 20. Nb4 Nf7 21. h3 a5 22. Nd3 b5 23. Kg2 h5 24. a4 b4 25. Be3 Nh6 26. b3 h4 27. Rac1 f5 28. c4 f4 29. Bc5 Bc7 30. Rd2 Rgd8 31. Rcd1 Nf7 32. Kh2 Kf6 33. Kg2 Ke6 34. Kh2 Kf6 35. Nc1 Rxd2 36. Rxd2 Rd8 37. Rxd8 Nxd8 38. Nd3 Ne6 39. Kg2 Nd4 40. Bxd4 exd4 41. Kf1 Bb6 42. Ke2 c5 43. Nc1 Ke6 44. Kd3 Ke5 45. Ne2 Bc7 46. Nc1 Bb6 47. Ke2 Ke6 48. Nd3 Ba7 49. e5 Bb6 1/2-1/2

[Event "Werther Schloss op-A 11th"]
[Site "Werther"]
[Date "2005.03.19"]
[Round "2"]
[White "Neumann, Michael"]
[Black "Marxen, Tobias"]
[Result "1-0"]
[WhiteElo "2226"]
[BlackElo "1949"]
[PlyCount "55"]
[EventDate "2005.03.18"]
[EventType "swiss"]
[EventRounds "5"]
[EventCountry "GER"]
[SourceTitle "CBM 105 Extra"]
[Source "ChessBase"]
[SourceDate "2005.05.01"]
[SourceVersion "1"]
[SourceVersionDate "2005.05.01"]
[SourceQuality "1"]

1. e4 e6 2. d4 b6 3. Bd3 Bb7 4. Qe2 Be7 5. c4 d5 6. cxd5 exd5 7. e5 Qd7 8. Nf3 c5 9. 0-0 Nc6 10. dxc5 bxc5 11. Rd1 h5 12. Nc3 Nh6 13. Nxd5 Qxd5 14. Bc4 Qxd1+ 15. Qxd1 Rd8 16. Qc2 Nb4 17. Qb3 Bd5 18. Bxd5 Nxd5 19. Bg5 Bxg5 20. Nxg5 0-0 21. Qc2 g6 22. e6 f5 23. Qxc5 Rfe8 24. Qxa7 Ne7 25. h3 Kg7 26. a4 Nhg8 27. b4 Nf6 28. b5 1-0

[Event "Bad Zwesten op 9th"]
[Site "Bad Zwesten"]
[Date "2005.01.08"]
[Round "9"]
[White "Tereick, Benjamin"]
[Black "Neumann, Michael"]
[Result "1/2-1/2"]
[WhiteElo "2155"]
[BlackElo "2226"]
[PlyCount "44"]
[EventDate "2005.01.02"]
[EventType "swiss"]
[EventRounds "9"]
[EventCountry "GER"]
[SourceTitle "CBM 104 Extra"]
[Source "ChessBase"]
[SourceDate "2005.03.01"]
[SourceVersion "1"]
[SourceVersionDate "2005.03.01"]
[SourceQuality "1"]

1. c4 c5 2. Nf3 g6 3. e4 Bg7 4. d4 cxd4 5. Nxd4 Nc6 6. Be3 Nf6 7. Nc3 d6 8. Be2 0-0 9. 0-0 Bd7 10. Nc2 a6 11. f3 Rc8 12. Qd2 Re8 13. Nd5 Nxd5 14. exd5 Ne5 15. Na3 Qc7 16. h3 b5 17. cxb5 axb5 18. Rac1 Qb7 19. f4 Nc4 20. Bxc4 bxc4 21. Nxc4 Ra8 22. b4 Reb8 1/2-1/2

[Event "Bad Zwesten op 9th"]
[Site "Bad Zwesten"]
[Date "2005.01.05"]
[Round "5"]
[White "Genov, Petar"]
[Black "Neumann, Michael"]
[Result "1-0"]
[WhiteElo "2470"]
[BlackElo "2226"]
[PlyCount "69"]
[EventDate "2005.01.02"]
[EventType "swiss"]
[EventRounds "9"]
[EventCountry "GER"]
[SourceTitle "CBM 104 Extra"]
[Source "ChessBase"]
[SourceDate "2005.03.01"]
[SourceVersion "1"]
[SourceVersionDate "2005.03.01"]
[SourceQuality "1"]

1. d4 g6 2. c4 Bg7 3. e4 c5 4. d5 d6 5. Nc3 Nf6 6. f3 0-0 7. Bg5 h6 8. Be3 Na6 9. Qd2 Kh7 10. Bd3 Nc7 11. Nge2 a6 12. a4 b6 13. 0-0 Rb8 14. Rab1 Bd7 15. b4 e6 16. a5 cxb4 17. Rxb4 bxa5 18. Rxb8 Qxb8 19. Rb1 Qc8 20. Qa2 exd5 21. cxd5 a4 22. Nxa4 Nb5 23. Nb6 Qb7 24. Nc4 Ne8 25. Qa5 f5 26. Nf4 Rf7 27. Ne6 fxe4 28. Bxe4 Qc8 29. Nxg7 Rxg7 30. Rc1 Qb7 31. Qd8 Nec7 32. Bxh6 Rf7 33. Qh4 Nxd5 34. Bd2+ Kg8 35. Bxg6 1-0

[Event "Bad Zwesten op 9th"]
[Site "Bad Zwesten"]
[Date "2005.01.03"]
[Round "2"]
[White "Neumann, Michael"]
[Black "Erbs, Susan"]
[Result "0-1"]
[WhiteElo "2226"]
[BlackElo "2028"]
[PlyCount "58"]
[EventDate "2005.01.02"]
[EventType "swiss"]
[EventRounds "9"]
[EventCountry "GER"]
[SourceTitle "CBM 104 Extra"]
[Source "ChessBase"]
[SourceDate "2005.03.01"]
[SourceVersion "1"]
[SourceVersionDate "2005.03.01"]
[SourceQuality "1"]

1. e4 d6 2. d4 Nf6 3. Nc3 g6 4. f4 Bg7 5. a3 c6 6. Nf3 0-0 7. Bd3 Nbd7 8. e5 dxe5 9. fxe5 Nd5 10. Nxd5 cxd5 11. Qe2 Qb6 12. 0-0 Nxe5 13. Kh1 Nxf3 14. Qxf3 Qxd4 15. c3 Qb6 16. Qxd5 Be6 17. Qf3 Rad8 18. Be4 Rd7 19. a4 a5 20. Qe2 Qb3 21. Re1 Rfd8 22. Be3 Bc4 23. Qc2 Be5 24. g3 Bc7 25. Qg2 Bb6 26. Bc2 Qxb2 27. Rab1 Qxc3 28. Bxb6 Rd2 29. Qxd2 Rxd2 0-1